| 000 | 00600nam a2200169 i 4500 | ||
|---|---|---|---|
| 001 | 78466 | ||
| 003 | ES-MaACL | ||
| 005 | 20230906173718.0 | ||
| 007 | t| | ||
| 008 | 041014s1972 sp ||||1| spa d | ||
| 100 | 1 |
_aHague, Douglas Chalmers. _961464 |
|
| 245 | 1 | 0 |
_aEconomía de la empresa _b: instrumentos analíticos para las decisiones empresariales / _cpor D. C. Hague ; [traducción de Valentín Fábrega Forradellas]. |
| 260 |
_aBarcelona : _bGustavo Gili, _c[1972] |
||
| 300 |
_a492 p. ; _c22 cm. |
||
| 700 | 1 |
_aFábrega Forradellas, Valentín. _948549 |
|
| 852 |
_aES-MaACL _jC-43740 _bR.82561 |
||
| 999 |
_c78466 _d78466 |
||